[Event "IECG CB.2006.0.00162 email"]
[Site "IECG email"]
[Date "2006.08.27"]
[Round "?"]
[White "Medveski, Mike"]
[Black "Ortiz, Eric"]
[Result "0-1"]
[WhiteElo "1919"]
[BlackElo "1907"]
[PlyCount "44"]
[EventDate "2006.08.27"]
[EventType "tourn (corr)"]
[EventRounds "6"]
[SourceTitle "Corr 2011"]
[Source "ChessBase"]
[SourceDate "2010.08.31"]
[SourceVersion "1"]
[SourceVersionDate "2010.08.31"]
[SourceQuality "1"]

1. e4 c6 2. Nc3 d5 3. Nf3 Bg4 4. h3 Bxf3 5. Qxf3 e6 6. g3 Nf6 7. Bg2 Nbd7 8. 0-0 Ne5 9. Qd1 d4 10. Ne2 d3 11. Nf4 Qd4 12. Nxd3 Nxd3 13. cxd3 Nd7 14. Qc2 Ne5 15. b4 Nxd3 16. Qc3 Rd8 17. a3 Be7 18. Rb1 Bf6 19. a4 Qb6 20. Qc2 Bd4 21. b5 Bxf2+ 22. Kh2 Bxg3+ 0-1

[Event "CFriend CP-2005-P-00006"]
[Site "Chessfriend.com"]
[Date "2005.10.01"]
[Round "1"]
[White "Krueger, Hilmar"]
[Black "Medveski, Mike"]
[Result "1-0"]
[WhiteElo "2252"]
[BlackElo "1893"]
[PlyCount "57"]
[EventDate "2005.??.??"]
[EventType "tourn (corr)"]
[EventRounds "4"]
[SourceTitle "Corr 2024"]
[Source "ChessBase"]
[SourceDate "2023.10.19"]
[SourceVersion "1"]
[SourceVersionDate "2023.10.19"]
[SourceQuality "1"]

1. e4 e5 2. Nf3 Nc6 3. Bc4 Bc5 4. c3 Qe7 5. b4 Bb6 6. a4 a6 7. 0-0 Nf6 8. d3 d6 9. Be3 Bxe3 10. fxe3 Be6 11. Nbd2 0-0 12. Qe1 Ng4 13. h3 Nh6 14. b5 Bxc4 15. Nxc4 axb5 16. axb5 Rxa1 17. Qxa1 Nd8 18. b6 Ne6 19. Qa7 cxb6 20. Qxb6 Rd8 21. d4 f6 22. Rb1 exd4 23. cxd4 Rd7 24. Qb5 Rc7 25. Nb6 Qf7 26. Ra1 Nf8 27. Ra8 Qe7 28. Nd5 Rc1+ 29. Kh2 1-0

[Event "CFriend CP-2005-P-00006"]
[Site "Chessfriend.com"]
[Date "2005.10.01"]
[Round "1"]
[White "Novoa, Ruben Fernando"]
[Black "Medveski, Mike"]
[Result "0-1"]
[WhiteElo "1723"]
[BlackElo "1893"]
[PlyCount "86"]
[EventDate "2005.??.??"]
[EventType "tourn (corr)"]
[EventRounds "4"]
[SourceTitle "Corr 2008"]
[Source "ChessBase"]
[SourceDate "2008.06.24"]
[SourceVersion "1"]
[SourceVersionDate "2008.06.24"]
[SourceQuality "1"]

1. d4 Nf6 2. c4 e6 3. Nc3 Bb4 4. f3 c5 5. e3 Bxc3+ 6. bxc3 0-0 7. Bd3 d6 8. Ne2 Nc6 9. 0-0 b6 10. g4 h6 11. e4 e5 12. g5 hxg5 13. Bxg5 Bh3 14. Rf2 cxd4 15. cxd4 Qd7 16. Bxf6 gxf6 17. f4 Qg4+ 18. Kh1 Qh4 19. Rf3 Bg4 20. Qg1 Kh7 21. Rg3 Rg8 22. Qe3 Rg7 23. Rag1 Rag8 24. d5 Nb4 25. Nc1 Qh6 26. Rf1 Bf5 27. Kg1 Qh4 28. Rff3 Bg4 29. Rf2 Bh5 30. Rfg2 exf4 31. Rxg7+ Rxg7 32. Rxg7+ Kxg7 33. Qf2 Qg5+ 34. Qg2 Nxd3 35. Nxd3 Bg6 36. Nf2 f3 37. Qxg5 fxg5 38. a3 f5 39. exf5 Bxf5 40. Nd1 Kf6 41. Kf2 g4 42. Ke3 Ke5 43. Nc3 Bc2 0-1

[Event "CFriend CP-2005-P-00006"]
[Site "Chessfriend.com"]
[Date "2005.10.01"]
[Round "1"]
[White "Reese, Joern"]
[Black "Medveski, Mike"]
[Result "0-1"]
[WhiteElo "1753"]
[BlackElo "1893"]
[PlyCount "38"]
[EventDate "2005.??.??"]
[EventType "tourn (corr)"]
[EventRounds "4"]
[SourceTitle "Corr 2008"]
[Source "ChessBase"]
[SourceDate "2008.06.24"]
[SourceVersion "1"]
[SourceVersionDate "2008.06.24"]
[SourceQuality "1"]

1. e4 e5 2. Nc3 Nc6 3. Nf3 Nf6 4. d3 d5 5. Bg5 d4 6. Ne2 h6 7. Bh4 Be7 8. Qd2 Nxe4 9. dxe4 Bxh4 10. Nxh4 Qxh4 11. Ng3 a6 12. 0-0-0 Be6 13. b3 Qe7 14. f3 Qa3+ 15. Kb1 Nb4 16. c3 dxc3 17. Qxc3 Qxa2+ 18. Kc1 Qa5 19. Bd3 Na2+ 0-1

[Event "CFriend RI-2004-0-00019 email"]
[Site "Chessfriend.com"]
[Date "2004.03.27"]
[Round "?"]
[White "Medveski, Mike"]
[Black "Ergur, Fuat"]
[Result "1-0"]
[WhiteElo "1857"]
[BlackElo "1645"]
[PlyCount "80"]
[EventDate "2004.??.??"]
[EventType "tourn (corr)"]
[EventRounds "6"]
[SourceTitle "Corr 2008"]
[Source "ChessBase"]
[SourceDate "2008.06.24"]
[SourceVersion "1"]
[SourceVersionDate "2008.06.24"]
[SourceQuality "1"]

1. e4 e5 2. Nf3 Nc6 3. Bb5 Nf6 4. 0-0 Nxe4 5. d4 Nd6 6. Bxc6 dxc6 7. dxe5 Nf5 8. Qxd8+ Kxd8 9. Nc3 Ke8 10. Rd1 a5 11. b3 Be6 12. Ng5 Rd8 13. Rxd8+ Kxd8 14. Nxe6+ fxe6 15. Ne4 Be7 16. Bb2 Kc8 17. Rd1 Rd8 18. Rxd8+ Kxd8 19. Bc3 b6 20. g4 Nh6 21. h3 g5 22. Kg2 Nf7 23. Kg3 h6 24. f4 gxf4+ 25. Kxf4 Bh4 26. Bd4 Kd7 27. c4 Nh8 28. c5 b5 29. g5 hxg5+ 30. Nxg5 Ng6+ 31. Kg4 Be1 32. Nf3 Bb4 33. h4 Ke8 34. Ng5 Nf8 35. Kh5 Bd2 36. Kh6 Bxg5+ 37. hxg5 Kf7 38. Bc3 b4 39. Bb2 Ng6 40. Bd4 Ne7 1-0

[Event "CFriend SI-2004-0-00015 email"]
[Site "Chessfriend.com"]
[Date "2004.01.02"]
[Round "?"]
[White "Medveski, Mike"]
[Black "Just, Bent"]
[Result "1/2-1/2"]
[WhiteElo "1900"]
[BlackElo "1565"]
[PlyCount "74"]
[EventDate "2004.??.??"]
[EventType "tourn (corr)"]
[EventRounds "8"]
[SourceTitle "Corr 2008"]
[Source "ChessBase"]
[SourceDate "2008.06.24"]
[SourceVersion "1"]
[SourceVersionDate "2008.06.24"]
[SourceQuality "1"]

1. e4 e5 2. Nf3 Nc6 3. Bb5 a6 4. Ba4 b5 5. Bb3 Bb7 6. c3 Nf6 7. Qe2 Bc5 8. 0-0 0-0 9. a4 d6 10. Rd1 Re8 11. h3 b4 12. a5 Qd7 13. d3 h6 14. Ba4 d5 15. Nbd2 Qe7 16. Nb3 dxe4 17. dxe4 Ba7 18. Rd5 Qf8 19. Nh4 Red8 20. Bxc6 Bxc6 21. Rxe5 Nd7 22. Rf5 Qe8 23. Rf4 Ne5 24. Nf5 Bb5 25. Qh5 Ng6 26. Nbd4 Bd7 27. e5 Qxe5 28. Rf3 bxc3 29. bxc3 Qe4 30. Be3 Re8 31. Re1 Rab8 32. Nxg7 Rb1 33. Rxb1 Qxb1+ 34. Kh2 Kxg7 35. Nf5+ Bxf5 36. Bxa7 Be6 37. Be3 Kf8 1/2-1/2

[Event "CFriend SI-2004-0-00015 email"]
[Site "Chessfriend.com"]
[Date "2004.01.02"]
[Round "?"]
[White "Medveski, Mike"]
[Black "Lo, Angus"]
[Result "0-1"]
[WhiteElo "1856"]
[BlackElo "1846"]
[PlyCount "82"]
[EventDate "2004.??.??"]
[EventType "tourn (corr)"]
[EventRounds "8"]
[SourceTitle "Corr 2008"]
[Source "ChessBase"]
[SourceDate "2008.06.24"]
[SourceVersion "1"]
[SourceVersionDate "2008.06.24"]
[SourceQuality "1"]

1. e4 e6 2. d4 d5 3. e5 c5 4. c3 Nc6 5. Nf3 Nge7 6. Bd3 Nf5 7. Bxf5 exf5 8. 0-0 Be6 9. Be3 c4 10. Ng5 Be7 11. Qh5 g6 12. Qh6 Bf8 13. Qh3 Bc8 14. f4 h6 15. b3 Bg7 16. Nf3 Be6 17. Bc1 0-0 18. Ba3 Re8 19. Bd6 Qa5 20. Nfd2 Rad8 21. Qe3 Qb6 22. Ba3 f6 23. Bc5 Qa6 24. Re1 g5 25. g3 gxf4 26. gxf4 cxb3 27. Nxb3 fxe5 28. fxe5 b6 29. Ba3 Rc8 30. Kh1 Kh7 31. Rg1 Bxe5 32. Bc1 f4 33. Qf3 Bf5 34. Qxd5 Re6 35. N1d2 Ne7 36. Qf3 Bc7 37. c4 Re3 38. Qh5 Bg6 39. Qg4 Qb7+ 40. d5 Be5 41. Ba3 Rg8 0-1

[Event "IECG CP.2003.P.00066 email"]
[Site "IECG email"]
[Date "2003.10.01"]
[Round "?"]
[White "Bartsch, Andreas"]
[Black "Medveski, Mike"]
[Result "0-1"]
[WhiteElo "2080"]
[BlackElo "1888"]
[PlyCount "64"]
[EventDate "2003.10.01"]
[EventType "tourn (corr)"]
[EventRounds "6"]
[EventCountry "BRA"]
[SourceTitle "Corr 2008"]
[Source "ChessBase"]
[SourceDate "2008.06.24"]
[SourceVersion "1"]
[SourceVersionDate "2008.06.24"]
[SourceQuality "1"]

1. e4 e5 2. d4 exd4 3. f4 d5 4. e5 c5 5. Nf3 Nc6 6. b3 Nh6 7. Bd3 Nf5 8. 0-0 Be7 9. Re1 0-0 10. c3 dxc3 11. Nxc3 Nb4 12. Bb1 d4 13. Ne4 g6 14. Bd2 Nd5 15. Qc1 b6 16. Nf2 Nfe3 17. Be4 Bf5 18. Bxf5 Nxf5 19. Ng4 Rc8 20. Qc4 h5 21. Nf2 Nfe3 22. Bxe3 Nxe3 23. Qd3 Rc7 24. Nd1 Nf5 25. Rc1 Qd7 26. Re2 b5 27. Rd2 Qc6 28. Rdc2 a6 29. Nb2 Rd8 30. a4 Qd7 31. axb5 axb5 32. Nd1 Ra7 0-1

[Event "IECG CP.2003.P.00066 email"]
[Site "IECG email"]
[Date "2003.10.01"]
[Round "?"]
[White "Chegancas, Marcos Antonio"]
[Black "Medveski, Mike"]
[Result "0-1"]
[WhiteElo "1514"]
[BlackElo "1888"]
[PlyCount "36"]
[EventDate "2003.10.01"]
[EventType "tourn (corr)"]
[EventRounds "6"]
[EventCountry "BRA"]
[SourceTitle "Corr 2008"]
[Source "ChessBase"]
[SourceDate "2008.06.24"]
[SourceVersion "1"]
[SourceVersionDate "2008.06.24"]
[SourceQuality "1"]

1. e4 c6 2. d4 d5 3. f3 g6 4. c3 Bg7 5. Be3 Qb6 6. Qd2 dxe4 7. fxe4 Nf6 8. Bd3 Ng4 9. Bg5 e5 10. h3 h6 11. hxg4 hxg5 12. Rxh8+ Bxh8 13. Nf3 exd4 14. Bc4 Bxg4 15. Nxd4 Nd7 16. Nb3 Ne5 17. Bf1 Rd8 18. Qf2 Rd1# 0-1

[Event "IECG WC.2002.F.00009 email"]
[Site "IECG email"]
[Date "2002.12.15"]
[Round "?"]
[White "Bandiera, Aurelio"]
[Black "Medveski, Mike"]
[Result "1/2-1/2"]
[WhiteElo "1919"]
[BlackElo "1904"]
[PlyCount "85"]
[EventDate "2002.12.15"]
[EventType "tourn (corr)"]
[EventRounds "10"]
[SourceTitle "Corr 2008"]
[Source "ChessBase"]
[SourceDate "2008.06.24"]
[SourceVersion "1"]
[SourceVersionDate "2008.06.24"]
[SourceQuality "1"]

1. e4 e5 2. f4 exf4 3. Bc4 Nf6 4. Nc3 c6 5. Bb3 d5 6. exd5 cxd5 7. d4 Bd6 8. Nf3 0-0 9. 0-0 Be6 10. Ne5 Bxe5 11. dxe5 Qb6+ 12. Kh1 Ng4 13. Bxd5 Ne3 14. Bxe3 fxe3 15. Qf3 Nd7 16. Rae1 Qxb2 17. Rxe3 Rac8 18. Rb1 Qxc2 19. Be4 Qd2 20. Rd1 Qb2 21. Rb1 Qa3 22. Qg3 b6 23. Nd5 Rc1+ 24. Rxc1 Qxc1+ 25. Re1 Qd2 26. Ne7+ Kh8 27. Nf5 g6 28. Nd6 Qxa2 29. Bc6 Qd2 30. Bxd7 Bxd7 31. Ne4 Qb4 32. Nf6 Be6 33. h3 Rd8 34. Re4 Rd1+ 35. Kh2 Qc5 36. Re3 Qc1 37. Qf4 Rh1+ 38. Kg3 Qg1 39. Ng4 Rxh3+ 40. Kxh3 h5 41. Qf6+ Kg8 42. Kg3 hxg4 43. Qd8+ 1/2-1/2

[Event "IECG WC.2002.F.00009 email"]
[Site "IECG email"]
[Date "2002.12.15"]
[Round "?"]
[White "Medveski, Mike"]
[Black "Horbach, Frank"]
[Result "1/2-1/2"]
[WhiteElo "1904"]
[BlackElo "1917"]
[PlyCount "27"]
[EventDate "2002.12.15"]
[EventType "tourn (corr)"]
[EventRounds "10"]
[SourceTitle "Corr 2008"]
[Source "ChessBase"]
[SourceDate "2008.06.24"]
[SourceVersion "1"]
[SourceVersionDate "2008.06.24"]
[SourceQuality "1"]

1. d4 f5 2. Bg5 g6 3. Nc3 Bg7 4. Nf3 d5 5. e3 Nf6 6. Bd3 Ne4 7. Bf4 Nxc3 8. bxc3 c5 9. c4 Qa5+ 10. Qd2 Qxd2+ 11. Kxd2 Be6 12. Be5 Bxe5 13. Nxe5 dxc4 14. Bxc4 1/2-1/2

[Event "IECG WC.2002.F.00009 email"]
[Site "IECG email"]
[Date "2002.12.15"]
[Round "?"]
[White "Medveski, Mike"]
[Black "Newton, Hobart E"]
[Result "0-1"]
[WhiteElo "1904"]
[BlackElo "1880"]
[PlyCount "100"]
[EventDate "2002.12.15"]
[EventType "tourn (corr)"]
[EventRounds "10"]
[SourceTitle "Corr 2008"]
[Source "ChessBase"]
[SourceDate "2008.06.24"]
[SourceVersion "1"]
[SourceVersionDate "2008.06.24"]
[SourceQuality "1"]

1. e4 c5 2. Nf3 Nc6 3. Bb5 e6 4. Nc3 Nd4 5. 0-0 g6 6. Nxd4 cxd4 7. Ne2 Bg7 8. d3 Ne7 9. Bg5 0-0 10. f4 Qb6 11. a4 f6 12. Bh4 d5 13. exd5 exd5 14. c4 dxc3+ 15. Bf2 Qd6 16. d4 cxb2 17. Ra2 Qb4 18. Qb1 Bf5 19. Rxb2 Qa3 20. Rb3 Bxb1 21. Rxa3 Be4 22. Rc1 Rfc8 23. Rac3 Rxc3 24. Nxc3 Rc8 25. Bd7 Rc4 26. Bb5 Rc7 27. Be3 f5 28. Kf2 a6 29. Be2 Rc6 30. Bf3 Bxf3 31. Kxf3 Kf7 32. Ke2 Rb6 33. Kd3 Rb4 34. Re1 Nc6 35. Rb1 Rxb1 36. Nxb1 Ke6 37. Nd2 Na5 38. Nf3 Nc4 39. Bc1 Nb6 40. a5 Nc4 41. Bd2 Bf6 42. Be1 Bd8 43. Ng5+ Bxg5 44. fxg5 Kd6 45. Ke2 Kc6 46. Kf3 Kb5 47. Kf4 Nxa5 48. Ke5 Nc4+ 49. Kxd5 Ne3+ 50. Ke5 Kc4 0-1

[Event "IECG WC.2002.F.00009 email"]
[Site "IECG email"]
[Date "2002.12.15"]
[Round "?"]
[White "Medveski, Mike"]
[Black "Starace, Umberto"]
[Result "1-0"]
[WhiteElo "1904"]
[BlackElo "1908"]
[PlyCount "103"]
[EventDate "2002.12.15"]
[EventType "tourn (corr)"]
[EventRounds "10"]
[SourceTitle "Corr 2008"]
[Source "ChessBase"]
[SourceDate "2008.06.24"]
[SourceVersion "1"]
[SourceVersionDate "2008.06.24"]
[SourceQuality "1"]

1. d4 Nf6 2. Nf3 g6 3. c4 Bg7 4. Nc3 0-0 5. g3 d5 6. Qb3 dxc4 7. Qxc4 Nc6 8. d5 Na5 9. Qa4 c6 10. dxc6 Nxc6 11. Bg2 Qb6 12. 0-0 Bg4 13. a3 Rad8 14. Be3 Qc7 15. Nb5 Qd7 16. Rad1 Nd5 17. Ng5 Qf5 18. Be4 Qe5 19. f4 Nxf4 20. gxf4 Qxb2 21. Rb1 Qa2 22. Rfe1 a6 23. Bxc6 bxc6 24. Nd4 Bxd4 25. Bxd4 Bxe2 26. Rb2 Qd5 27. Rd2 Bb5 28. Qd1 h6 29. Nf3 Qh5 30. Ne5 Qxd1 31. Rdxd1 Rd5 32. Bf2 Rc8 33. Ra1 c5 34. a4 Be8 35. Nc4 Rc7 36. Reb1 e6 37. Rb8 Kf8 38. Re1 Ke7 39. Bh4+ f6 40. Bg3 Rc6 41. f5 gxf5 42. Ne3 Rd7 43. Nxf5+ Kf8 44. Nxh6 Rd4 45. Rf1 Rb4 46. Ra8 Re4 47. Rxf6+ Kg7 48. Ng8 Kxg8 49. Rxe8+ Kg7 50. Rf4 Rxf4 51. Bxf4 c4 52. Re7+ 1-0

[Event "IECG CP.2002.P.00082 email"]
[Site "IECG email"]
[Date "2002.10.01"]
[Round "?"]
[White "Medveski, Mike"]
[Black "Schulle, Jozsef"]
[Result "1/2-1/2"]
[WhiteElo "1894"]
[BlackElo "1448"]
[PlyCount "99"]
[EventDate "2002.10.01"]
[EventType "tourn (corr)"]
[EventRounds "6"]
[EventCountry "GER"]
[SourceTitle "Corr 2008"]
[Source "ChessBase"]
[SourceDate "2008.06.24"]
[SourceVersion "1"]
[SourceVersionDate "2008.06.24"]
[SourceQuality "1"]

1. e4 c6 2. d4 d5 3. e5 Bf5 4. Nf3 e6 5. Be2 c5 6. Be3 Qb6 7. Nc3 Qxb2 8. Nb5 Na6 9. dxc5 Bxc2 10. Qc1 Qxc1+ 11. Rxc1 Be4 12. Nd6+ Bxd6 13. cxd6 f6 14. Bb5+ Kf8 15. Nd4 fxe5 16. Nxe6+ Kf7 17. Ng5+ Kg6 18. Nxe4 dxe4 19. 0-0 Nf6 20. Rfd1 Rhd8 21. Rc4 Kf5 22. Bxa6 bxa6 23. Rc6 Rd7 24. Rxa6 Ke6 25. h3 Nd5 26. Bc5 Rc8 27. Ra5 Rc6 28. Rb1 Nb6 29. Rb4 Rf7 30. Kh2 g6 31. Kg3 h5 32. Kh4 Rf4+ 33. Kg5 e3 34. Rxf4 exf4 35. fxe3 Nc4 36. d7 Kxd7 37. Rxa7+ Ke8 38. exf4 Rxc5+ 39. Kxg6 Ne3 40. g3 Nf5 41. g4 Ne7+ 42. Kh6 hxg4 43. hxg4 Rc4 44. Ra8+ Kf7 45. Kg5 Nd5 46. Ra5 Rd4 47. a4 Kg8 48. Ra8+ Kf7 49. Ra7+ Ke8 50. f5 1/2-1/2

[Event "IECG WC.2005.P.00010 email"]
[Site "IECG email"]
[Date "2002.01.29"]
[Round "?"]
[White "Medveski, Mike"]
[Black "Lanin, Boris Aleksandrovic"]
[Result "0-1"]
[WhiteElo "1935"]
[BlackElo "2111"]
[PlyCount "72"]
[EventDate "2002.01.29"]
[EventType "tourn (corr)"]
[EventRounds "6"]
[SourceTitle "Corr 2008"]
[Source "ChessBase"]
[SourceDate "2008.06.24"]
[SourceVersion "1"]
[SourceVersionDate "2008.06.24"]
[SourceQuality "1"]

1. e4 e5 2. Nf3 Nc6 3. Bc4 Nf6 4. Ng5 d5 5. exd5 Nd4 6. c3 b5 7. Bd3 Nxd5 8. cxd4 Qxg5 9. Bxb5+ Kd8 10. Qf3 Bb7 11. 0-0 Rb8 12. dxe5 Nb4 13. d4 Qg6 14. Qg3 Qxg3 15. fxg3 Nc2 16. Rxf7 Be7 17. Nc3 Nxa1 18. Rxg7 Nc2 19. d5 Bxd5 20. Rxe7 Kxe7 21. Nxd5+ Ke6 22. Nxc7+ Kxe5 23. Bf4+ Ke4 24. Bc6+ Kf5 25. Bd7+ Kg6 26. Be5 Rhd8 27. Ne6 Rxd7 28. Bxb8 Kf5 29. Nc5 Rd1+ 30. Kf2 Rd2+ 31. Kf3 Ne1+ 32. Ke3 Rxb2 33. Bxa7 Nxg2+ 34. Kf3 Ne1+ 35. Ke3 Rxa2 36. g4+ Kxg4 0-1

[Event "IECG WC.2005.P.00010 email"]
[Site "IECG email"]
[Date "2002.01.29"]
[Round "?"]
[White "Spiridonov, Nick"]
[Black "Medveski, Mike"]
[Result "1/2-1/2"]
[WhiteElo "2173"]
[BlackElo "1935"]
[PlyCount "85"]
[EventDate "2002.01.29"]
[EventType "tourn (corr)"]
[EventRounds "6"]
[SourceTitle "Corr 2008"]
[Source "ChessBase"]
[SourceDate "2008.06.24"]
[SourceVersion "1"]
[SourceVersionDate "2008.06.24"]
[SourceQuality "1"]

1. e4 c6 2. d4 d5 3. Nc3 dxe4 4. Nxe4 Nd7 5. Ng5 Ngf6 6. Bd3 e6 7. N1f3 Bd6 8. Qe2 h6 9. Ne4 Nxe4 10. Qxe4 Qc7 11. Qg4 Kf8 12. 0-0 c5 13. c3 b6 14. Re1 Bb7 15. Qh3 c4 16. Be2 Nf6 17. Nd2 b5 18. a4 a6 19. axb5 axb5 20. Rxa8+ Bxa8 21. b3 Nd5 22. Ne4 Nf4 23. Bxf4 Bxf4 24. Nc5 Bd5 25. bxc4 bxc4 26. Na6 Qb6 27. Nb4 g6 28. Nxd5 exd5 29. Qd7 Qe6 30. Qxe6 fxe6 31. Bg4 Kg7 32. Bxe6 Re8 33. Kf1 Bd2 34. Rd1 Bxc3 35. Bxd5 Rd8 36. Bxc4 Rxd4 37. Bd3 Kf6 38. Ke2 Rb4 39. Rc1 Rb2+ 40. Bc2 g5 41. Kd3 Be5 42. h3 h5 43. Re1 1/2-1/2